00289nam a2200121Ia 4500008004100000100000900041245003600050260003700086300000800123650001400131942000700145999001500152190216s9999||||xx |||||||||||||| ||und|| aNull 0aEnviromental Pollution Analysis bNew Age International Publishers a190 aChemistry cBK c3363d3363